Every Capped England Rugby Player - Statistics

General Stats
  • This quiz has been taken 134 times
  • The average score is 293 of 1466
Answer Stats
Hint Answer % Correct
1459 Fin Smith
92%
1428 Marcus Smith
92%
981 Nigel Starmer-Smith
92%
1246 Ollie Smith
92%
495 Dyne Fenton Smith
90%
345 Gerald Gordon-Smith
90%
807 John Smith
90%
1023 Keith Smith
90%
867 Mike Smith
90%
1335 Owen Farrell
90%
568 Ronald Cove-Smith
90%
1105 Simon Smith
90%
819 Squire Wilkins
90%
880 Stephen Smith
90%
1018 Steve Smith
90%
816 Trevor Smith
90%
708 Tuppy Owen-Smith
90%
362 Whacker Smith
90%
1278 Andy Farrell
88%
1362 George Ford
88%
921 Peter Ford
87%
590 Arthur Young
83%
631 David Turquand-Young
83%
875 John Young
83%
1194 Jonny Wilkinson
83%
1047 Malcolm Young
83%
1286 Mike Brown
83%
843 Peter Young
83%
1327 Tom Wood
83%
742 Alan Brown
82%
168 Albert Wood
82%
1269 Alex Brown
82%
458 Alf Wood
82%
480 Billy Johns
82%
1035 Bob Wilkinson
82%
268 Bob Wood
82%
509 Bruno Brown
82%
183 Edgar Wilkinson
82%
207 Harry J. Wilkinson
82%
641 Harry Wilkinson Jr.
82%
1229 Martyn Wood
82%
540 Pedlar Wood
82%
34 Percival Wilkinson
82%
366 Robert D. Wood
82%
1196 Spencer Brown
82%
635 Tom Brown
82%
1414 Jonny Hill
80%
1174 Richard A. Hill
80%
1090 Richard J. Hill
80%
390 Basil Hill
78%
1322 Ben Youngs
78%
723 Edward Hamilton-Hill
78%
1149 Martin Johnson
78%
1375 Paul Hill
78%
1404 Ted Hill
78%
1341 Tom Johnson
78%
1346 Tom Youngs
78%
1432 Ben Curry
77%
1079 Nick Youngs
77%
1388 Tom Curry
77%
93 Archibald Law
75%
1250 Chris Jones
75%
1043 Christopher Williams
75%
504 Cyril Williams
75%
621 Douglas Law
75%
1386 Harry Williams
75%
1373 Jamie George
75%
768 Jim George
75%
861 John Currie
75%
848 Johnny Williams
75%
823 John Williams
75%
1376 Maro Itoje
75%
1118 Peter Williams
75%
380 Samuel Williams
75%
514 Stanley Williams
75%
696 Arthur Vaughan Jones
73%
805 Bert Jones
73%
1354 Billy Vunipola
73%
257 Frederic Jones
73%
277 Frederick Leslie-Jones
73%
1112 Graham Robbins
73%
1221 Jason Robinson
73%
1347 Mako Vunipola
73%
1319 Paul Doran-Jones
73%
866 Peter Robbins
73%
1197 Richard Pool-Jones
73%
1368 Anthony Watson
72%
1320 Dan Cole
72%
1356 Jonny May
72%
1161 Lawrence Dallaglio
72%
1313 Tom May
72%
1187 Will Green
72%
1127 Andy Robinson
70%
203 Arthur Robinson
70%
539 Bungy Watson
70%
847 Ernie Robinson
70%
462 Fischer Burges Watson
70%
405 John Green
70%
258 John Robinson
70%
9 Joseph Green
70%
1084 Rory Underwood
70%
1146 Tony Underwood
70%
305 Tot Robinson
70%
902 Martin Underwood
68%
1396 Sam Underhill
67%
1152 Neil Back
65%
1236 Steve Thompson
65%
1215 Ben Cohen
63%
1162 Matt Dawson
63%
770 Ossie Newton-Thompson
63%
868 Peter Thompson
63%
1188 Will Greenwood
63%
1114 Dean Richards
62%
943 Dick Greenwood
62%
105 Ernest Dawson
62%
522 Jenny Greenwood
62%
1271 Peter Richards
62%
655 Brian Black
60%
647 Eddie Richards
60%
229 Joseph Richards
60%
1329 Manu Tuilagi
60%
1154 Mike Catt
60%
929 Steve Richards
60%
1117 Brian Moore
58%
1318 Courtney Lawes
58%
1371 Henry Slade
58%
1138 Jason Leonard
58%
1372 Luke Cowan-Dickie
58%
1216 Mike Tindall
58%
1120 Will Carling
58%
758 Bill Moore
57%
527 Dave Davies
57%
1314 Dave Wilson
57%
157 Edward Moore
57%
1065 Huw Davies
57%
1218 Julian White
57%
397 Norman Moore
57%
619 Pat Davies
57%
837 Phil Davies
57%
813 Philip Moore
57%
1168 Simon Shaw
57%
818 Victor Tindall
57%
571 Vivian Davies
57%
1412 Will Stuart
57%
1439 Alex Mitchell
55%
486 Arthur Wilson
55%
434 Cecil Shaw
55%
315 Charles Edward Wilson
55%
138 Charles Plumpton Wilson
55%
280 Charles Thomas
55%
815 Chris Rittson-Thomas
55%
1081 Colin White
55%
766 Don White
55%
836 Dyson Wilson
55%
1380 Ellis Genge
55%
314 Fred Shaw
55%
642 Guy Wilson
55%
1355 Henry Thomas
55%
320 James Shaw
55%
1363 Joe Gray
55%
1387 Mark Wilson
55%
909 Mike Davis
55%
230 Roger Wilson
55%
916 Tug Wilson
55%
448 Walter Wilson
55%
662 Alan Key
53%
754 Arthur Gray
53%
1413 Ben Earl
53%
1223 Ben Kay
53%
1301 Danny Care
53%
278 Frank Mitchell
53%
409 George Vickery
53%
1342 Joe Marler
53%
1119 Jonathan Webb
53%
1251 Matt Stevens
53%
1193 Phil Vickery
53%
1454 Theo Dan
53%
1300 Topsy Ojo
53%
211 William Grant Mitchell
53%
691 Charles Webb
52%
1308 Dylan Hartley
52%
1343 Jonathan Joseph
52%
882 Larry Webb
52%
1416 Ollie Lawrence
52%
613 Robert Webb
52%
959 Rodney Webb
52%
982 Stack Stevens
52%
561 Stan Harris
52%
1222 Steve Borthwick
52%
643 Tom Harris
52%
369 Bernard Charles Hartley
50%
1316 Chris Robshaw
50%
1377 Elliot Daly
50%
38 Henry Lawrence
50%
1100 Rob Andrew
50%
1448 Will Joseph
50%
1323 Chris Ashton
48%
1106 Chris Martin
48%
1421 George Martin
48%
1466 Henry Pollock
48%
1133 Jeremy Guscott
48%
1224 Lewis Moody
48%
1010 Nick Martin
48%
541 Arthur Harrison
47%
678 Cliff Harrison
47%
88 Gilbert Harrison
47%
488 Harold Harrison
47%
1202 Josh Lewsey
47%
1108 Mike Harrison
47%
1378 Teimana Harrison
47%
1213 Trevor Woodman
47%
1449 Alex Coles
45%
683 Bobby Barr
45%
706 Henry Fry
45%
1348 Joe Launchbury
45%
1338 Jordan Turner-Hall
45%
1281 Nick Easter
45%
1095 Stuart Barnes
45%
121 Tom Fry
45%
512 Alan Roberts
43%
1175 Austin Healey
43%
692 Barney Evans
43%
1126 Barry Evans
43%
365 Charley Hall
43%
1130 Dewi Morris
43%
775 Eric Evans
43%
360 Ernest Roberts
43%
221 Freddie Spence
43%
1011 Geoff Evans
43%
1418 Jack Willis
43%
888 Jim Roberts
43%
263 John Hall
43%
1082 Jon Hall
43%
450 Khaki Roberts
43%
1382 Kyle Sinckler
43%
1173 Nick Beal
43%
755 Nim Hall
43%
695 Reginald Roberts
43%
192 Sam Roberts
43%
1277 Toby Flood
43%
1455 Tom Willis
43%
774 Vic Roberts
43%
1186 Alex King
42%
474 Alfred Morris
42%
1400 Ben Spencer
42%
1192 Dorian West
42%
1429 Freddie Steward
42%
940 Jeremy Spencer
42%
975 John Spencer
42%
871 Phil Horrocks-Taylor
42%
1245 Robbie Morris
42%
1153 Steve Ojomoh
42%
1446 Tommy Freeman
42%
154 Arthur Taylor
40%
941 Bob Taylor
40%
969 Bryan West
40%
933 Colin Simpson
40%
1191 David Rees
40%
244 Ernest Taylor
40%
749 Gus Walker
40%
27 Harold Freeman
40%
1259 Harry Ellis
40%
765 Harry Walker
40%
116 Henry Taylor
40%
839 Ian King
40%
306 Jack Taylor
40%
1452 Jack Walker
40%
1332 Joe Simpson
40%
510 John King
40%
1163 Paul Grayson
40%
1080 Paul Simpson
40%
1073 Peter Winterbottom
40%
854 Phil Taylor
40%
569 Quentin King
40%
1157 Richard West
40%
56 Roger Walker
40%
560 Sos Taylor
40%
538 Tim Taylor
40%
382 Tommy Simpson
40%
1381 Tommy Taylor
40%
628 William Kirwan-Taylor
40%
1350 Billy Twelvetrees
38%
1458 Chandler Cunningham-South
38%
1016 Frank Anderson
38%
1094 Gary Rees
38%
751 Jack Ellis
38%
566 Reg Edwards
38%
120 Sidney Ellis
38%
331 Stanley Anderson
38%
1280 Tom Rees
38%
827 Alec Lewis
37%
108 Allan Jackson
37%
986 Barry Jackson
37%
1025 Bill Beaumont
37%
1370 Calum Clark
37%
72 Charles Clark
37%
1234 Charlie Hodgson
37%
1238 Henry Paul
37%
630 James Richardson
37%
1214 Joe Worsley
37%
735 John Cook
37%
913 John Owen
37%
68 Josiah Edward Paul
37%
1255 Mark Cueto
37%
934 Peter Cook
37%
862 Peter Jackson
37%
1369 Sam Burgess
37%
1298 Tom Croft
37%
270 Walter Jesse Jackson
37%
135 William Ryder Richardson
37%
1257 Andrew Sheridan
35%
1147 Ben Clarke
35%
1062 Clive Woodward
35%
1024 Dusty Hare
35%
232 Edgar Bonham-Carter
35%
1217 Iain Balshaw
35%
1460 Immanuel Feyi-Waboso
35%
1284 James Haskell
35%
687 John Hodgson
35%
1150 Kyran Bracken
35%
1177 Martin Corry
35%
1260 Mathew Tait
35%
1122 Mickey Skinner
35%
1107 Mike Teague
35%
1247 Mike Worsley
35%
1299 Paul Hodgson
35%
886 Stan Hodgson
35%
1101 Wade Dooley
35%
1345 Alex Goode
33%
714 Allan Clarke
33%
1086 Andy Dun
33%
1263 Andy Goode
33%
1339 Ben Morgan
33%
1184 Danny Grewcock
33%
31 Frederick Mills
33%
1156 Graham Rowntree
33%
307 James Davidson
33%
325 Joseph Davidson
33%
1438 Mark Atkinson
33%
1397 Sam Simmonds
33%
908 Simon Clarke
33%
1071 Steve Mills
33%
829 Ted Woodward
33%
427 William Mills
33%
887 Derek Morgan
32%
1457 Fraser Dingwall
32%
291 George Hughes
32%
1367 George Kruis
32%
553 James Morgan
32%
1121 Jeff Probyn
32%
1383 Nathan Hughes
32%
1451 Ollie Hassell-Collins
32%
1279 Olly Morgan
32%
1183 Richard Cockerill
32%
898 Budge Rogers
30%
329 Charles Harper
30%
130 Charles Phillips
30%
350 Charles Scott
30%
761 Edward Scott
30%
228 Eustace North
30%
445 Frank Scott
30%
1411 George Furbank
30%
856 Harry Scott
30%
143 James Hunt
30%
1244 James Simpson-Daniel
30%
1403 Joe Cokanasiga
30%
1423 Joe Heyes
30%
470 John Cooper
30%
1048 John P. Scott
30%
213 John Rogers
30%
877 John S. M. Scott
30%
874 Malcolm Phillips
30%
1142 Martin Bayfield
30%
1020 Martin Cooper
30%
196 Mason Scott
30%
1330 Mouritz Botha
30%
123 Robert Hunt
30%
1228 Steve White-Cooper
30%
344 Sydney Coopper
30%
246 Thomas Coop
30%
1232 Tom Palmer
30%
1307 Ugo Monye
30%
1145 Victor Ubogu
30%
404 Walter Rogers
30%
81 William Hunt
30%
205 William Martin Scott
30%
756 Alan Henderson
28%
485 Alex Palmer
28%
338 Bim Baxter
28%
1462 Fin Baxter
28%
403 Francis Palmer
28%
83 Frederic Lee
28%
1336 Geoff Parling
28%
110 George Burton
28%
632 Godfrey Palmer
28%
441 Harry Lee
28%
1444 Henry Arundell
28%
605 Hyde Burton
28%
1360 Jack Nowell
28%
1445 Jack van Poortvliet
28%
433 Jimmy Peters
28%
831 John Collins
28%
1091 John Palmer
28%
1068 Marcus Rose
28%
1004 Mike Burton
28%
911 Nick Drake-Lee
28%
1443 Ollie Chessum
28%
1391 Piers Francis
28%
150 Robert Henderson
28%
483 Ronald Poulton-Palmer
28%
460 Rupert Williamson
28%
1111 Simon Halliday
28%
48 William Collins
28%
1005 Alan Old
27%
1209 Dan Luger
27%
1295 Danny Cipriani
27%
971 David Duckham
27%
1139 David Pears
27%
391 Edward Barrett
27%
583 Frank Sanders
27%
1116 Graham Dawe
27%
1160 Mark Regan
27%
1128 Paul Ackford
27%
1276 Paul Sackey
27%
663 Peter Brook
27%
1019 Roger Uttley
27%
215 Sammy Woods
27%
841 Sandy Sanders
27%
565 Thomas Woods
27%
1143 Tim Rodber
27%
606 Tom Francis
27%
466 Tommy Woods
27%
1089 Chris Butcher
25%
1123 Chris Oti
25%
487 Cyril Wright
25%
1262 Duncan Bell
25%
997 Fran Cotton
25%
139 Frank Wright
25%
339 Fred Bell
25%
1096 Gareth Chilcott
25%
100 George Thomson
25%
163 Henry Bell
25%
996 Ian Wright
25%
710 Jack Wright
25%
216 James Wright
25%
555 Jock Wright
25%
102 John Bell
25%
1361 Luther Burrell
25%
1088 Mark Bailey
25%
834 Martin Regan
25%
1053 Maurice Colclough
25%
962 Peter Bell
25%
892 Peter Wright
25%
1171 Phil Greening
25%
1441 Raffi Quirke
25%
340 Robert William Bell
25%
1275 Shaun Perry
25%
1417 Tom Dunn
25%
392 Walter Butcher
25%
240 W.B. Thomson
25%
498 Alan Adams
23%
1465 Cadan Murley
23%
1352 Christian Wade
23%
260 Cyril Wells
23%
1039 David A. Cooke
23%
1063 David H. Cooke
23%
915 David Perry
23%
57 Frank Adams
23%
1165 Garath Archer
23%
1434 Harry Wells
23%
477 Herbert Archer
23%
1144 Ian Hunter
23%
1 | 1124 John Bentley
23%
1050 John Horton
23%
1190 Matt Perry
23%
974 Nigel Horton
23%
1099 Nigel Redman
23%
745 Paul Cooke
23%
1001 Peter Dixon
23%
1026 Peter Wheeler
23%
1148 Phil de Glanville
23%
419 Richard Russell
23%
1297 Richard Wigglesworth
23%
744 Robert Carr
23%
760 Samuel Perry
23%
1134 Simon Hodgkinson
23%
928 Tony Horton
23%
992 Tony Neary
23%
1437 Adam Radwan
22%
1435 Alex Dombrandt
22%
1167 Andy Gomarsall
22%
1006 Andy Ripley
22%
1384 Ben Te'o
22%
778 Brian Vaughan
22%
155 Charles Wade
22%
358 David Graham
22%
1140 Dean Ryan
22%
1113 Fran Clough
22%
1055 Gary Pearce
22%
59 Harry Graham
22%
1427 Harry Randall
22%
167 Henry Wigglesworth
22%
1110 Jamie Salmon
22%
1409 Joe Marchant
22%
73 John Graham
22%
1164 Jon Sleightholme
22%
1104 Kevin Simms
22%
1220 Leon Lloyd
22%
903 Michael Wade
22%
1463 Ollie Sleightholme
22%
1231 Olly Barkley
22%
1087 Paul Rendall
22%
853 Peter Ryan
22%
1061 Phil Blakeway
22%
1093 Steve Brain
22%
987 Tony Jorden
22%
589 Alan Robson
20%
1328 Alex Corbisiero
20%
1274 Anthony Allen
20%
1083 Bryan Barley
20%
1057 Colin Smart
20%
1405 Dan Robson
20%
849 Doug Baker
20%
272 Edward Baker
20%
531 George Ward
20%
741 Grahame Parker
20%
281 Herbert Ward
20%
186 Hiatt Baker
20%
136 James Ward
20%
1058 John Carleton
20%
705 John Dicks
20%
798 John Matthews
20%
288 John William Ward
20%
489 Lancelot Barrington-Ward
20%
660 Matthew Robson
20%
1137 Nigel Heslop
20%
890 Richard Sharp
20%
961 Rob Lloyd
20%
54 Sidney Parker
20%
529 Sid Smart
20%
1201 Stuart Potter
20%
1389 Alex Lozowski
18%
1235 Alex Sanderson
18%
449 Andrew Newton
18%
728 Arthur Butler
18%
1464 Asher Opoku-Fordjour
18%
1420 Beno Obano
18%
1440 Bevan Rodd
18%
178 Charles Elliot
18%
19 Dawson Turner
18%
1304 Delon Armitage
18%
355 Edgar Elliot
18%
78 Edward Beadon Turner
18%
677 Ernest Harding
18%
96 Frank Fowler
18%
298 Frederick Jacob
18%
86 George Robertson Turner
18%
1447 Guy Porter
18%
87 Henry Fowler
18%
20 H. J. C. Turner
18%
97 Howard Fowler
18%
588 Jake Jacob
18%
1103 John Orwin
18%
938 John Pullin
18%
1357 Marland Yarde
18%
783 Martin Turner
18%
1312 Matt Banahan
18%
1395 Nick Isiekwe
18%
1066 Nick Jeavons
18%
1098 Nigel Melville
18%
1203 Pat Sanderson
18%
1049 Paul Dodge
18%
1028 Peter Butler
18%
311 Philip Jacob
18%
146 Philip Newton
18%
1102 Richard Harding
18%
1097 Rob Lozowski
18%
1310 Steffon Armitage
18%
1076 Steve Bainbridge
18%
1285 Stuart Turner
18%
1461 Tom Roebuck
18%
900 Victor Harding
18%
693 Walter Elliot
18%
63 Alec Pearson
17%
1129 Andrew Harriman
17%
1311 Ben Foden
17%
3 Benjamin Burns
17%
1243 Ben Johnston
17%
1401 Ben Moon
17%
493 Billy Johnston
17%
264 Charles Hooper
17%
1385 Charlie Ewels
17%
1176 Darren Garforth
17%
543 Francis Stone
17%
1349 Freddie Burns
17%
17 Frederick Stokes
17%
1272 George Chuter
17%
953 John Barton
17%
897 John Price
17%
1337 Lee Dickson
17%
1267 Lee Mears
17%
65 Lennard Stokes
17%
577 Leo Price
17%
1059 Les Cusworth
17%
1407 Lewis Ludlam
17%
1046 Mike Rafter
17%
1042 Mike Slemen
17%
657 Peter Howard
17%
90 P.L.A. Price
17%
1305 Riki Flutey
17%
1132 Steve Bates
17%
674 Tinny Dean
17%
1453 Tom Pearson
17%
782 Tom Price
17%
8 Arthur Gibson
15%
739 Basil Nicholson
15%
1333 Brad Barritt
15%
357 Charles Gibson
15%
594 Cliff Gibbs
15%
1125 Dave Egerton
15%
937 David Powell
15%
1282 David Strettle
15%
348 Elliot Nicholson
15%
720 Ernie Nicholson
15%
772 George Gibbs
15%
328 George Ralph Gibson
15%
1225 Jamie Noon
15%
1075 Jim Syddall
15%
1015 John A. Watkins
15%
750 John K. Watkins
15%
1226 Michael Stephenson
15%
1027 Neil Bennett
15%
356 Nigel Corbet Fletcher
15%
845 Nigel Gibbs
15%
753 Norman Bennett
15%
863 Ron Jacobs
15%
1324 Shontayne Hape
15%
970 Terry Brooke
15%
297 Thomas Fletcher
15%
400 Thomas Gibson
15%
256 Thomas Nicholson
15%
37 William Fletcher
15%
1406 Willi Heinz
15%
1013 Alan Morley
13%
709 Antony Warr
13%
964 Bob Hiller
13%
35 Cecil Boyle
13%
1293 Dan Hipkiss
13%
1436 Dan Kelly
13%
1325 Dave Attwood
13%
729 David Campbell
13%
1450 David Ribbans
13%
472 Frederick Frank Knight
13%
757 Geoffrey Kelly
13%
490 Harry Berry
13%
39 Henry Marsh
13%
243 James Marsh
13%
1007 Jan Webster
13%
223 John Berry
13%
218 John Dyson
13%
914 John Thorne
13%
1425 Lewis Ludlow
13%
740 Mike Marshall
13%
1306 Nick Kennedy
13%
1109 Paul Huntsman
13%
1008 Peter Knight
13%
313 Richard Pierce
13%
797 Robert Kennedy
13%
685 Ronald Gerrard
13%
1077 Steve Boyle
13%
425 Thomas Kelly
13%
743 Tom Berry
13%
1054 Tony Bond
13%
1072 Tony Swift
13%
1431 Trevor Davison
13%
1402 Zach Mercer
13%
999 Chris Ralston
12%
864 Dickie Jeeps
12%
440 Douglas Lambert
12%
58 Edward Fraser
12%
567 Ernie Gardner
12%
374 George Fraser
12%
806 Harry Small
12%
107 Herbert Gardner
12%
1430 Jamie Blamire
12%
802 John Cain
12%
904 John Dee
12%
1265 Louis Deacon
12%
1270 Magnus Lund
12%
840 Pat Quinn
12%
1266 Perry Freshwater
12%
212 Piercy Morrison
12%
597 Rex Armstrong
12%
1340 Rob Webber
12%
980 Roger Shackleton
12%
1268 Tom Varndell
12%
74 Walter Greg
12%
1398 Alec Hepburn
10%
353 Alexander Todd
10%
684 Alfred Carpenter
10%
905 Andrew Hurst
10%
965 Brian Keen
10%
672 Brian Pope
10%
958 Dave Watt
10%
1219 David Flatman
10%
1078 David Trick
10%
688 Doug Norman
10%
437 Freddie Brooks
10%
422 Harold Hodges
10%
142 Herbert Fuller
10%
253 Howard Marshall
10%
1070 John Fidler
10%
796 John Kendall-Carpenter
10%
1141 John Olver
10%
364 John Walton
10%
46 Marshall Brooks
10%
40 Murray Marshall
10%
1292 Nick Abendanon
10%
1074 Nick Stringer
10%
895 Ray French
10%
600 Richard Lawson
10%
383 Robert Bradley
10%
94 Robert Todd
10%
1207 Rob Fidler
10%
1290 Roy Winters
10%
1085 Steve Redfern
10%
936 Terry Arthur
10%
629 Thomas Lawson
10%
1254 Tim Payne
10%
1178 Tony Diprose
10%
238 William Nicholl
10%
271 William Walton
10%
1034 Alastair Hignell
8%
724 Alexander Obolensky
8%
537 Alfred Maynard
8%
536 Arthur Bull
8%
721 Arthur Payne
8%
447 Arthur Pickering
8%
1064 Austin Sheppard
8%
791 Barry Holmes
8%
703 Bill Weston
8%
293 Bob Poole
8%
429 Cecil Milton
8%
160 Charles Chapman
8%
1045 Charles Kent
8%
924 Colin Payne
8%
1422 Curtis Langdon
8%
769 Cyril Holmes
8%
1158 Damian Hopley
8%
459 Dick Gilbert
8%
1200 Dominic Chapman
8%
602 Duncan Cumming
8%
219 Edgar Holmes
8%
250 Edwin Field
8%
1456 Ethan Roots
8%
210 Francis Hugh Fox
8%
279 Francis Poole
8%
386 Frank Hulme
8%
172 Frank Moss
8%
491 Fred Chapman
8%
581 Frederick Gilbert
8%
989 Gerry Redmond
8%
351 Harry Alexander
8%
372 Henry Weston
8%
1408 Jack Singleton
8%
656 Jeff Forrest
8%
716 Jimmy Giles
8%
651 Jim Reeve
8%
439 John Hopley
8%
147 John Payne
8%
396 Jumbo Milton
8%
1353 Kyle Eastmond
8%
1009 Lionel Weston
8%
891 Mike Weston
8%
1060 Nick Preston
8%
995 Peter Rossborough
8%
1021 Peter Squires
8%
376 Philip Nicholas
8%
326 Reginald Forrest
8%
956 Roger Pickering
8%
304 Samuel Northmore
8%
226 Tom Kent
8%
563 | 1233 Tom Voyce
8%
384 Vincent Cartwright
8%
804 Wally Holmes
8%
623 William Alexander
8%
53 William Milton
8%
544 Alexander Sykes
7%
423 Arthur Hudson
7%
13 Arthur Lyon
7%
359 Arthur O'Neill
7%
1317 Ayoola Erinle
7%
481 Charles Bolton
7%
1331 Charlie Sharples
7%
1169 Chris Sheasby
7%
410 Curly Hammond
7%
528 Cyril Lowe
7%
1115 David Cusani
7%
1287 Dean Schofield
7%
1392 Don Armand
7%
292 Edward Knowles
7%
62 Edward Nash
7%
682 Eric Whiteley
7%
857 Frank Sykes
7%
1230 Fraser Waters
7%
464 George Lyon
7%
101 George Vernon
7%
1069 Gordon Sargent
7%
546 Harold Day
7%
484 Harold Morton
7%
855 Ian Beer
7%
780 Ivor Preece
7%
994 Jacko Page
7%
286 Jack Rhodes
7%
835 Jeff Butterfield
7%
126 John Schofield
7%
1151 Jon Callard
7%
1365 Kieran Brookes
7%
1296 Lesley Vainikolo
7%
1092 Malcolm Preedy
7%
1351 Matt Kvesic
7%
1419 Max Malins
7%
112 Norman McLeod
7%
785 Patrick Sykes
7%
952 Peter Larter
7%
1014 Peter Preece
7%
1240 Phil Christophers
7%
1334 Phil Dowson
7%
838 Reg Higgins
7%
698 Reginald Bolton
7%
129 Richard Finch
7%
242 Samuel Houghton
7%
1366 Semesa Rokoduguni
7%
26 Stephen Finney
7%
1248 Stuart Abbott
7%
773 Syd Newman
7%
1344 Thomas Waldrom
7%
976 Tim Dalton
7%
1170 Tim Stimpson
7%
370 Toggie Kendall
7%
680 Tom Knowles
7%
554 Wavell Wakefield
7%
289 W. Bobby Whiteley
7%
141 Wilfred Bolton
7%
511 William Mann
7%
330 William Mortimer
7%
241 Abel Ashworth
5%
1166 Adedayo Adebayo
5%
412 Adrian Stoop
5%
269 Albert Elliott
5%
1189 Andy Long
5%
1136 Andy Mullins
5%
80 Arthur Heath
5%
334 Aubrey Dowson
5%
496 Barney Solomon
5%
144 Bernard Middleton
5%
893 Bill Patterson
5%
1067 Bob Hesford
5%
817 Bob Stirling
5%
1399 Brad Shields
5%
1426 Callum Chick
5%
197 Charles Anderton
5%
128 Charles Coates
5%
368 Charles Edgar
5%
1205 Dave Sims
5%
1227 Dave Walder
5%
1040 Derek Wyatt
5%
718 Dudley Kemp
5%
562 Edward Myers
5%
482 Frank Hutchinson
5%
347 George Marsden
5%
585 Harold Locke
5%
245 Harry Bradshaw
5%
312 Harry Myers
5%
1374 Jack Clifford
5%
717 Jack Heaton
5%
387 Jack Miles
5%
1433 Jacob Umaga
5%
23 James Bush
5%
428 James Hutchinson
5%
811 Jasper Bartlett
5%
69 Jeaffreson Vennor Brewer
5%
736 Jeff Reynolds
5%
1131 John Buckton
5%
189 John Hickson
5%
190 John Le Fleming
5%
1159 John Mallett
5%
578 John Middleton
5%
206 John Sutcliffe
5%
1309 Jordan Crane
5%
1135 Mark Linnett
5%
1264 Mark van Gisbergen
5%
367 Norman Cox
5%
1208 Paul Sampson
5%
471 Percy Down
5%
625 Ralph Buckingham
5%
217 Randolph Aston
5%
335 | 686 Reginald Hobbs
5%
1056 Richard Cardus
5%
15 Richard Osborne
5%
158 Richard Pattisson
5%
869 Ricky Bartlett
5%
636 Roy Foulds
5%
401 Sam Irvin
5%
1315 Sam Vesty
5%
1195 Scott Benton
5%
349 Shirley Reynolds
5%
411 Sidney Osborne
5%
1211 Steve Hanley
5%
41 Sydney Morse
5%
393 Ted Dillon
5%
508 Tim Stoop
5%
731 Tommy Kemp
5%
978 Tony Bucknall
5%
526 Vincent Coates
5%
82 William C. Hutchinson
5%
60 William H. H. Hutchinson
5%
152 Alan Rotherham
3%
559 Alastair Smallwood
3%
654 Alfred Bateson
3%
6 Alfred Davenport
3%
11 Alfred Hamersley
3%
416 Alfred Hind
3%
71 Andrew Bulteel
3%
1256 Andy Hazell
3%
234 Arthur Briggs
3%
104 Arthur Budd
3%
332 Arthur Darby
3%
532 Arthur Dingle
3%
149 Arthur Evanson
3%
10 Arthur Guillemard
3%
61 Arthur Michell
3%
318 Arthur Rotherham
3%
689 Arthur Rowley
3%
204 Arthur Royle
3%
145 Aubrey Spurling
3%
124 Barron Kilner
3%
1032 Barry Nelmes
3%
764 Basil Travers
3%
612 Bill Tucker
3%
1051 Bob Mordell
3%
300 Bob Oakes
3%
822 Bruce Neale
3%
5 Charles Arthur Crompton
3%
70 Charles Bryden
3%
187 Charles Cleveland
3%
132 Charles Fernandes
3%
75 Charles Gunner
3%
122 Charles Gurdon
3%
175 Charles Horley
3%
161 Charles Marriott
3%
131 Charles Sawyer
3%
16 Charles Sherrard
3%
91 Charles Touzel
3%
44 Charles Vanderspar
3%
156 Charles Wooldridge
3%
665 Christopher Tanner
3%
79 Courteney Verelst
3%
42 Cyril Rickards
3%
414 Dai Gent
3%
1289 Darren Crompton
3%
518 Dave Holland
3%
1052 David Caplan
3%
963 David Gay
3%
852 David Hazell
3%
373 Denys Dobson
3%
521 Dick Stafford
3%
140 Edmund Beswick
3%
169 Edward Court
3%
52 Edward Kewley
3%
64 Edward Perrott
3%
125 Ellis Markendale
3%
453 Ernest Chambers
3%
36 Ernest Cheston
3%
77 Ernest Marriott
3%
43 Ernest Still
3%
127 Ernest Woodhead
3%
821 Evan Hardy
3%
50 Foster Cunliffe
3%
25 Francis d'Aguilar
3%
28 Francis Isherwood
3%
29 Francis Luscombe
3%
18 Frank Tobin
3%
222 Frederic Alderson
3%
24 Frederick Currey
3%
322 Geoffrey Unwin
3%
421 George Dobbs
3%
548 George Halford
3%
181 George Jeffery
3%
676 Gordon Gregory
3%
794 Gordon Rimmer
3%
153 Graham Standing
3%
506 Guy Hind
3%
117 Harold Bateson
3%
92 Harry Garnett
3%
266 Harry Speed
3%
137 Harry Vassall
3%
47 Henry Bryden
3%
106 Henry Enthoven
3%
111 Henry Huth
3%
99 Henry Kayll
3%
115 Henry Springmann
3%
119 Henry Twynam
3%
461 Henry Vassall
3%
255 Horace Duckett
3%
114 Hugh Rowley
3%
790 Jack Gregory
3%
22 James Body
3%
1261 James Forrester
3%
51 James Genth
3%
30 James Mackinlay
3%
615 Jerry Hanley
3%
737 Jim Unwin
3%
1359 Joel Tomkins
3%
45 John Batten
3%
95 John Biggs
3%
431 John Birkett
3%
4 John Clayton
3%
7 John Dugdale
3%
876 John Herbert
3%
809 John Hyde
3%
12 John Luscombe
3%
285 John Pinch
3%
134 John Ravenscroft
3%
972 Keith Fairbrother
3%
973 Keith Fielding
3%
618 Kendrick Stark
3%
1182 Kevin Yates
3%
231 Launcelot Percival
3%
894 Laurie Rimmer
3%
570 Leonard Corbett
3%
699 Lewis Booth
3%
66 Louis Birkett
3%
524 Maurice Neale
3%
1252 Michael Lipman
3%
762 Micky Steele-Bodger
3%
1038 Mike Lampkowski
3%
89 Monkey Hornby
3%
1210 Neil McCarthy
3%
1237 Nick Duncombe
3%
33 Nipper Pinching
3%
184 Norman Spurling
3%
1379 Ollie Devoto
3%
1415 Ollie Thorley
3%
1155 Paul Hull
3%
2 Reg Birkett
3%
151 Richard Kindersley
3%
574 Robert Duncan
3%
733 Robin Prescott
3%
1410 Ruaridh McConnochie
3%
180 Rupert Inglis
3%
1012 Sam Doble
3%
572 Sam Tucker
3%
1283 Shane Geraghty
3%
475 Sid Penny
3%
76 Spencer Login
3%
767 Squib Donnelly
3%
1358 Stephen Myler
3%
1198 Steve Ravenscroft
3%
113 Stuart Neame
3%
451 Sydney Start
3%
812 Ted Hewitt
3%
931 Ted Rudd
3%
98 Temple Gurdon
3%
21 Thomas Batson
3%
103 Thomas Blatherwick
3%
282 Thomas Dobson
3%
85 Thomas Tetley
3%
918 Victor Marriott
3%
133 Walter Hewitt
3%
267 William Eldon Tucker
3%
14 William MacLaren
3%
32 William Moberly
3%
465 William Oldham
3%
118 William Openshaw
3%
109 William Penny
3%
84 William Rawlinson
3%
55 William Stafford
3%
148 William Tatham
3%
67 Wyndham Evanson
3%
860 Alan Ashcroft
2%
1033 Alan Wordsworth
2%
467 Alec Ashcroft
2%
1241 Alex Codling
2%
426 Alf Kewney
2%
233 Alfred Allport
2%
604 Alfred Aslett
2%
533 Alfred Kitching
2%
519 Alfred MacIlwaine
2%
166 Alfred Teggin
2%
786 Allan Towell
2%
174 Andrew Stoddart
2%
935 Andy Hancock
2%
1253 Andy Titterrell
2%
501 Anthony Henniker-Gotley
2%
700 Anthony Roncoroni
2%
287 Anthony Starks
2%
436 Arnold Alcock
2%
564 Arthur Blakiston
2%
341 Arthur Brettargh
2%
343 Arthur Cockerham
2%
194 Arthur Fagan
2%
171 Arthur Kemble
2%
734 Arthur Wheatley
2%
469 Barrie Bennetts
2%
1036 Barrie Corless
2%
1212 Barrie-Jon Mather
2%
545 Barry Cumberlege
2%
694 Bernard Gadney
2%
371 Bernard Oughtred
2%
885 Bert Godwin
2%
634 Bert Sparks
2%
587 Bevan Chantrill
2%
960 Bill Gittings
2%
824 Bill Hook
2%
968 Bill Redwood
2%
607 Bob Hanvey
2%
922 Bob Rowell
2%
771 Bob Weighill
2%
800 Brian Boobbyer
2%
788 Bryan Braithwaite-Exley
2%
259 Buster Soane
2%
627 Carl Aarvold
2%
702 Carlton Troop
2%
586 Carston Catcheside
2%
549 Cecil Kershaw
2%
49 Charles Crosse
2%
236 Charles Emmott
2%
591 Charles Faithfull
2%
649 Charles Gummer
2%
398 Charles Joseph Newbold
2%
165 Charles Sample
2%
711 Charles Slow
2%
494 Cherry Pillman
2%
408 Christopher Stanger-Leathes
2%
795 Clive van Ryneveld
2%
624 Colin Bishop
2%
616 Colin Laird
2%
1249 Dan Scarbrough
2%
957 Dave Rollitt
2%
865 David Marques
2%
673 Deneys Swayne
2%
1390 Denny Solomona
2%
732 Dermot Milman
2%
722 Dick Auty
2%
998 Dick Cowman
2%
746 Dickie Guest
2%
201 Donald Jowett
2%
669 Don Burland
2%
889 Don Rutherford
2%
633 Doug Prentice
2%
830 Eddie Woodgate
2%
473 Edgar Mobbs
2%
235 Edward Bullough
2%
792 Edward Horsfall
2%
598 Edward Massey
2%
503 Edward Scorfield
2%
608 Edward Stanbury
2%
162 Edward Strong
2%
363 Elliott Vivyan
2%
468 Eric Assinder
2%
648 Eric Coley
2%
530 Eric Steinthal
2%
185 Ernest Brutton
2%
283 Ernest Fookes
2%
479 Ernest Ibbitson
2%
547 Ernie Hammett
2%
354 Fairfax Luxmoore
2%
859 Fenwick Allison
2%
295 Francis Byrne
2%
534 Francis Oakeley
2%
200 Frank Evershed
2%
478 Frank Handford
2%
659 Frank Malir
2%
551 Frank Mellish
2%
195 Frank Pease
2%
302 Frank Stout
2%
476 Frank Tarr
2%
176 Fred Bonsor
2%
261 Fred Byrne
2%
262 Frederick Firth
2%
252 Frederick Lohden
2%
202 Frederick Lowrie
2%
730 Fred Huskisson
2%
179 Froude Hancock
2%
456 Garnet Portus
2%
556 Geoffrey Conway
2%
637 Geoffrey Sladen
2%
747 George Hancock
2%
237 George Hubbard
2%
395 George Keeton
2%
446 George Leather
2%
420 George Summerscale
2%
273 Godfrey Carey
2%
715 Gordon Cridlan
2%
707 Graham Meikle
2%
725 Hal Sever
2%
712 Harold Boughton
2%
596 Harold Kittermaster
2%
317 Harold Ramsden
2%
726 Harold Wheatley
2%
198 Harry Bedford
2%
499 Harry Coverdale
2%
454 Harry Havelock
2%
558 Harry Millett
2%
407 Harry Shewring
2%
247 Harry Varley
2%
516 Henry Brougham
2%
417 Henry Imrie
2%
646 Henry Rew
2%
173 Henry Ryalls
2%
727 Henry Toft
2%
159 Henry Tristram
2%
308 Herbert Dudgeon
2%
164 Herbert Fallas
2%
327 Herbert Gamlin
2%
457 Herbert Sibree
2%
640 Herbert Whitley
2%
276 Horace William Finlinson
2%
738 Hubert Freakes
2%
801 Ian Botting
2%
517 Jack Eddison
2%
664 Jack Hubbard
2%
1393 Jack Maunder
2%
333 Jack Shooter
2%
639 Jack Swayne
2%
626 Jack Wallens
2%
413 Jacky Braithwaite
2%
290 James Barron
2%
463 James Davey
2%
579 James Pitman
2%
239 James Pyke
2%
550 Jannie Krige
2%
884 Jeff Clements
2%
991 Jeremy Janion
2%
666 Jim Barrington
2%
593 Jim Brough
2%
385 Jim Duthie
2%
214 Jim Valentine
2%
535 Joe Brunton
2%
658 Joe Kendrew
2%
759 Joe Mycock
2%
599 Joe Periton
2%
653 John Askew
2%
199 John Cave
2%
324 John Daniell
2%
188 John Dewhurst
2%
275 John Fegan
2%
251 John Greenwell
2%
850 John Hancock
2%
418 John Jackett
2%
375 John Jewitt
2%
352 John Marquis
2%
402 John Mathias
2%
336 John Matters
2%
575 John Maxwell-Hyslop
2%
520 John Pym
2%
377 John Raphael
2%
502 John Ritson
2%
361 John Sagar
2%
513 John Scholfield
2%
799 John Steeds
2%
681 John Tallent
2%
220 John Toothill
2%
609 John Worton
2%
310 Joseph Blacklock
2%
170 Joseph Hawcridge
2%
430 Joseph Sandford
2%
1424 Josh McNally
2%
939 Keith Savage
2%
443 Lancelot Slocock
2%
552 Laurence Merriam
2%
492 Leonard Haigh
2%
378 Leonard Tosswill
2%
667 Leslie Bedford
2%
611 Leslie Haslett
2%
497 Leslie Hayward
2%
690 Leslie Saxby
2%
814 Lionel Oakley
2%
1294 Luke Narraway
2%
284 Lyndhurst Giblin
2%
1185 Mark Mapletoft
2%
1180 Martin Haag
2%
979 Martin Hale
2%
573 Matthew Bradby
2%
1321 Matt Mullan
2%
668 Maurice Bonaventura
2%
671 Maurice McCanlis
2%
787 Mike Berridge
2%
988 Mike Leadbetter
2%
617 Monkey Sellar
2%
803 Murray Hofmeyr
2%
1442 Nic Dolly
2%
505 Norman Wodehouse
2%
309 Osbert Mackie
2%
394 Pat Hancock
2%
452 Patsy Boylan
2%
225 Percy Christopherson
2%
296 Percy Ebdon
2%
507 Percy Lawrie
2%
319 Percy Royds
2%
321 Percy Stout
2%
713 Peter Candler
2%
704 Peter Cranmer
2%
950 Peter Glover
2%
381 Peter Hardwick
2%
679 Peter Hordern
2%
820 Peter Woodruff
2%
580 Peveril William-Powlett
2%
254 Philip Maud
2%
675 Pop Dunkley
2%
424 Raphael Jago
2%
182 Rawson Robertshaw
2%
697 Ray Longland
2%
337 Reggie Schwarz
2%
388 Reggie Spooner
2%
415 Reginald Godfray
2%
500 Reginald Hands
2%
576 Reg Pickles
2%
209 Richard Budworth
2%
274 Richard Cattell
2%
670 Richard Davey
2%
592 Richard Hamilton-Wickes
2%
191 Richard Lockwood
2%
777 Richard Madge
2%
249 Robert de Winton
2%
432 Robert Dibble
2%
323 Robert Livesay
2%
542 Robert Pillman
2%
193 Robert Seddon
2%
638 Robert Smeddle
2%
1172 Rob Hardwick
2%
601 Roderick MacLennan
2%
652 Roger Spong
2%
299 Roland Mangles
2%
595 Ronald Hillard
2%
515 Ronald Lagden
2%
719 Roy Leyland
2%
650 Sam Martindale
2%
265 Samuel Morfitt
2%
808 Stan Adkins
2%
603 Stanley Considine
2%
644 Steve Meikle
2%
701 Ted Sadler
2%
614 Thomas Coulson
2%
610 Thomas Devitt
2%
435 Thomas Hogarth
2%
444 Thomas Wedge
2%
379 Thomas Willcocks
2%
584 Toff Holliday
2%
248 Tom Broadley
2%
789 Tom Danby
2%
645 Tony Novis
2%
925 Tony Peart
2%
438 Tremlett Batchelor
2%
846 Vic Leadbetter
2%
620 Wallace Eyres
2%
346 Wallace Jarman
2%
389 Walter Heppel
2%
455 Walter Lapage
2%
301 Wilfred Stoddart
2%
557 Wilfrid Lowry
2%
661 Wilf Sobey
2%
1394 Will Collier
2%
294 William Ashford
2%
224 William Bromet
2%
303 William Bunting
2%
399 William Cave
2%
525 William Cheesman
2%
177 William Clibbon
2%
342 William Cobby
2%
406 William Grylls
2%
523 William Hynes
2%
227 William Leake
2%
582 William Luddington
2%
442 William Nanson
2%
316 William Pilkington
2%
622 William Pratten
2%
208 William Yiend
2%
1003 Alan Brinn
0%
826 Albert Agar
0%
1031 Andy Maxwell
0%
993 Barry Ninnes
0%
1291 Ben Skirving
0%
1199 Ben Sturnham
0%
910 Bev Dovey
0%
879 Bev Risman
0%
945 Bill Treadwell
0%
870 Bob Challis
0%
883 Brian Wightman
0%
990 Charlie Hannaford
0%
951 Chris Jennins
0%
1364 Chris Pennell
0%
983 Chris Wardlow
0%
828 Chris Winn
0%
942 Clive Ashby
0%
944 Colin McFadyean
0%
946 Danny Hearn
0%
1302 David Paice
0%
930 David Rosser
0%
1022 David Roughley
0%
763 David Swarbrick
0%
926 David Wrench
0%
825 Dennis Shuttleworth
0%
967 Derek Prout
0%
748 Derek Teden
0%
912 Dick Manley
0%
781 Dick Uren
0%
752 Ernest Parsons
0%
1041 Garry Adey
0%
1239 Geoff Appleford
0%
927 Geoff Frankcom
0%
793 Geoff Hosking
0%
851 George Hastings
0%
947 George Sherriff
0%
878 Gordon Bendon
0%
1326 Hendre Fourie
0%
1258 Hugh Vyvyan
0%
779 Humphrey Luya
0%
1303 Jason Hobson
0%
873 Jim Hetherington
0%
1181 Jim Mallinder
0%
966 Jim Parsons
0%
844 John Bance
0%
810 John Baume
0%
954 John Finlan
0%
776 John Keeling
0%
984 John Novak
0%
955 John Pallant
0%
919 John Ranson
0%
881 John Wackett
0%
899 John Willcox
0%
1206 Jos Baxendell
0%
977 Ken Plummer
0%
784 Lewis Cannell
0%
1037 Mark Keyworth
0%
1288 Matt Cairns
0%
1242 Michael Horak
0%
1002 Mike Beese
0%
985 Mike Bulpitt
0%
949 Mike Coulman
0%
896 Mike Gavins
0%
1030 Neil Mantell
0%
1179 Nick Greenstock
0%
932 Nick Silk
0%
1273 Nick Walshe
0%
833 Nic Labuschagne
0%
858 Noël Estcourt
0%
1029 Peter Kingston
0%
1017 Peter Warfield
0%
842 Peter Yarranton
0%
901 Phil Judd
0%
832 Reg Bazley
0%
1044 Robin Cowling
0%
1000 Roger Creed
0%
917 Roger Hosen
0%
920 Roger Sangwin
0%
872 Ron Syrett
0%
907 Stan Purdy
0%
923 Thomas Brophy
0%
1204 Tom Beim
0%
906 Tom Pargetter
0%
948 Trevor Wintle
0%
No matching quizzes found
Score Distribution
Percent of People with Each Score
Percentile by Number Answered
Your Score History
You have not taken this quiz